1111 1963 1905 1860 1538 1540 1822 1909 1194 1617 1373 1508 1748 1396 1173 1984 1699 1625 1206 1650 1256 1430 1085 1830 1858 1246 1034 1385 1023 1609 1641 1482 1537 1944 1592 1488 1782 1928 1256 1146 1202 1345 1146 1020 1511 1367 1220 1491 1958 1501 1026 1398 1907 1676 1082 1277 1215 1523 1352 1532 1171 1014 1749 1150 1940 1255 1641 1775 1980 1710 1274 1346 1609 1852 1411 1824 1282 1976 1343 1737 1777 1248 1646 1965 1474 1687 1661 1238 1902 1230 1473 1896 1892 1787 1997 1517 1516 1190 1789 BCNSPRNW ULIB Ver.6.0+V

เปลี่ยนเป็นภาษาไทย

Change to English
 แสดงรายละเอียดบรรณานุกรม
  กลับหน้าหลัก

Brief Record : Get Marc (ISO 2709) : E-mail record : QR code < ปิดหน้าต่าง
LEADER : 00000nam 2200000uu 4500
001    13399108637
003     ULIB
008    110310s2544||||th 000 0 tha d
060 04 QZ1.JT3^bก499ผ 2544
100 0  สถาบันมะเร็งแห่งชาติ
245 10 ผลงานประจำปี 2544 /^cสถาบันมะเร็งแห่งชาติ กรมการแพทย์กระทรวงสาธารณสุข
260    กรุงเทพฯ :^bโรงพิมพ์ชุมนุมสหกรณ์การเกษตรแห่งประเทศไทย,^c2544
300    201หน้า :^bภาพประกอบ ;^c30 ซม.
650  7 มะเร็ง^xสถิติและข้อมูลตัวเลข
650  7 เนื้องอก^xสถิติและข้อมูลตัวเลข
730 02 ผลงานประจำปี (สถาบันมะเร็งแห่งชาติ) 2544
945    ^p0^l0^i015646
995    ทศพร
999 ^a ใช้งานได้ทุกระบบ
รายการนี้ยังไม่มีแท็ก
คุณยังไม่ได้ล็อกอิน คุณสามารถมีกิจกรรมร่วมกับเว็บไซต์ได้ แต่ต้องล็อกอินก่อน ::
  ล็อกอิน

รายการสื่อสารสนเทศ

ลำดับที่ ประเภท เลขเรียก/บาร์โค้ด สถานที่ สถานะ
- ไม่พบข้อมูล -

รายการใกล้เคียง
    ผู้แต่ง [สถาบันมะเร็งแห่งชาติ]

BibComment


ยังไม่เคยถูกคอมเมนท์

คอมเมนท์ทรัพยากรรายการนี้
  คอมเมนท์: ผลงานประจำปี 2544..


 Copyright 2026. Bcnsprnw @Library